[Event "Tourn. n9986"]
[Site "www.echecsemail.com"]
[Date "2019.03.09"]
[Round "1"]
[White "Zack1984"]
[Black "Bevittsmith"]
[WhiteElo "2010"]
[BlackElo "2220"]
[Result "0-1"]
[Round "1"]
1.b4 d5
2.Bc1b2 e6
3.e3 Ng8f6
4.a3 Nb8d7
5.Ng1f3 a6
6.c4 c5
7.bxc5 Bf8xc5
8.d4 Bc5e7
9.Nb1d2 dxc4
10.Bf1xc4 b5
11.Bc4b3 Bc8b7
12.a4 bxa4
13.Bb3xa4 O-O
14.O-O Nd7b6
15.Bb2a3 Be7xa3
16.Ra1xa3 Nb6xa4
17.Qd1xa4 Qd8d5
18.Rf1a1 Bb7c6
19.Qa4b3 Bc6b5
20.Qb3xd5 Nf6xd5
21.Nd2e4 Rf8b8
22.Ne4d6 Bb5e2
23.Nf3g5 Nd5b4
24.Ra3a4 Be2h5
25.h4 h6
26.Ng5e4 Bh5g6
27.Ne4c5 Rb8b6
28.Nd6c4 Rb6b8
29.Nc5xa6 Nb4xa6
30.Ra4xa6 Ra8xa6
31.Ra1xa6 Bg6d3
32.Ra6c6 Rb8b7
33.Nc4e5 Bd3e4
34.Rc6c8 Kh7
35.f3 Be4g6
36.e4 f6
37.Ne5d3 Rb7d7
 { time }
0-1

[Event "Match"]
[Site "www.echecsemail.com"]
[Date "2019.03.09"]
[Round "1"]
[White "Storzman"]
[Black "Calponas"]
[WhiteElo "2120"]
[BlackElo "2030"]
[Result "1-0"]
[Round "1"]
1.Ng1f3 Ng8f6
2.d4 d6
3.c4 c6
4.Nb1c3 g6
5.Bc1f4 Bf8g7
6.e3 O-O
7.Bf1d3 Qd8a5
8.O-O Nb8d7
9.Qd1c2 Nf6h5
10.Bf4g5 h6
11.Bg5xe7 Rf8e8
12.Be7xd6 Re8e6
13.c5 b6
14.Qc2a4 Qa5xa4
15.Nc3xa4 b5
16.Na4c3 Nd7f8
17.b4 a5
18.a3 a4
19.Rf1e1 Bc8d7
20.g3 Ra8e8
21.Ra1a2 f5
22.Ra2e2 Nh5f6
23.Nf3e5 Kh7
24.h3 Nf6d5
25.Nc3xd5 cxd5
26.Bd6xf8 Bg7xe5
27.dxe5 Re8xf8
28.f4 Bd7c6
29.Kf2 Kg7
30.Kf3 Rf8d8
31.Re1g1 h5
32.g4 d4
33.e4 fxe4
34.Bd3xe4 d3
35.Re2d2 Bc6xe4
36.Kxe4 { resign }
1-0

[Event "Match"]
[Site "www.echecsemail.com"]
[Date "2019.03.09"]
[Round "1"]
[White "Eeze"]
[Black "Souricette64"]
[WhiteElo "1880"]
[BlackElo "1799"]
[Result "1-0"]
[Round "1"]
1.e4 c5
2.c3 b6
3.Bf1b5 Bc8b7
4.d3 Ng8f6
5.Bc1g5 Nf6g8
6.Ng1f3 h6
7.Bg5h4 g5
8.Bh4g3 Bf8g7
9.h3 a6
10.Bb5a4 b5
11.Ba4c2 d6
12.Nb1d2 Nb8d7
13.O-O Ng8f6
14.Nf3h2 O-O
15.Nh2g4 Nf6xg4
16.hxg4 e5
17.Bc2b3 Nd7b6
18.c4 b4
19.a3 a5
20.a4 Ra8c8
21.Bb3c2 Bb7c6
22.b3 Nb6a8
23.f3 Na8c7
24.Bg3f2  { time }
1-0

[Event "Match"]
[Site "www.echecsemail.com"]
[Date "2019.03.09"]
[Round "1"]
[White "Gambitmiau"]
[Black "Eeze"]
[WhiteElo "1910"]
[BlackElo "1930"]
[Result "0-1"]
[Round "1"]
1.e4 e5
2.d4 exd4
3.c3 dxc3
4.Nb1xc3 c6
5.Bf1c4 Ng8f6
6.Bc1g5 h6
7.Bg5xf6 Qd8xf6
8.Ng1f3 Bf8b4
9.e5 Qf6f4
10.O-O Qf4xc4
11.Nf3d2 Qc4d4
12.Qd1c2 O-O
13.Ra1d1 Qd4xe5
14.Rf1e1 Qe5h5
15.Nd2e4 Qh5g6
16.f3 d5
17.Qc2b3 Bb4a5
18.Ne4c5 Ba5b6
19.Nc3a4 Bc8h3
20.Na4xb6 Qg6xg2
{ resign }
0-1

[Event "Tourn. n10068"]
[Site "www.echecsemail.com"]
[Date "2019.03.09"]
[Round "1"]
[White "Bojan"]
[Black "Add"]
[WhiteElo "2010"]
[BlackElo "2220"]
[Result "0-1"]
[Round "1"]
1.e4 e5
2.b3 Ng8f6
3.f3 Nf6xe4
4.Qd1e2 Ne4f6
5.Qe2xe5 Bf8e7
6.Bc1b2 Nb8c6
7.Qe5g5 Nc6b4
8.Nb1a3 d5
9.c3 Nf6d7
10.Qg5xg7 Be7f6
11.Qg7g4 Qd8e7
12.Kd1 Nd7c5
13.Qg4xb4 Bc8f5
14.Qb4f4 Bf5d3
15.Ng1h3 Bd3xf1
16.Rh1xf1 O-O-O
17.Kc2 Nc5e6
18.Qf4f5 Kb8
19.Ra1e1 d4
20.Nh3f4 dxc3
21.dxc3 Rh8g8
22.g3 Rg8g5
23.Qf5xh7 Rd8h8
24.Qh7e4 Rg5e5
25.Qe4c4 Rh8xh2
26.Kb1 Ne6xf4
27.Re1xe5 Bf6xe5
28.gxf4 Be5f6
29.Na3c2 a6
30.Rf1e1 Qe7d7
31.Bb2c1 b5
32.Qc4c5 Qd7d3
33.Kb2 Qd3xc2
34.Ka3 Qc2xa2
35.Kb4 a5
36.Kxb5 Qa2xb3
37.Ka6 Qb3b7
38.Kxa5 Rh2a2
39.Bc1a3 Qb7a7
40.Qc5xa7 Kxa7
41.Ka4 Bf6xc3
42.Re1e3 Bc3b2
43.Re3b3 Bb2xa3
44.Rb3xa3 Ra2xa3
45.Kxa3 c5
46.f5 f6
47.Kb3 Kb6
48.Kc4 Kc6
49.f4 Kd6
50.Kc3 Kd5
51.Kd3 c4
52.Kc3 Kc5
53.Kc2 Kd4
54.Kd2 c3
55.Kc2 Kc4
56.Kc1 Kd3
57.Kd1 Ke3
58.Kc2 Kxf4
59.Kxc3 Kxf5
60.Kd3 Kf4
61.Ke2 Kg3
62.Kf1 f5
63.Kg1 f4
64.Kf1 Kf3
{ resign }
0-1

[Event "Match"]
[Site "www.echecsemail.com"]
[Date "2019.03.09"]
[Round "1"]
[White "Chapi"]
[Black "Yudoka"]
[WhiteElo "2100"]
[BlackElo "1809"]
[Result "0-1"]
[Round "1"]
1.d4 d5
2.c4 c6
3.cxd5 cxd5
4.Nb1c3 Ng8f6
5.Ng1f3 Nb8c6
6.Bc1g5 e6
7.e4 Bf8b4
8.e5 h6
9.Bg5h4 g5
10.Nf3xg5 hxg5
11.Bh4xg5 Qd8a5
12.exf6 Bb4xc3
13.Bg5d2 Bc3xd2
14.Qd1xd2 Qa5xd2
15.Kxd2 Nc6xd4
16.Bf1b5 Nd4xb5
{ resign }
0-1

[Event "Tourn. n10068"]
[Site "www.echecsemail.com"]
[Date "2019.03.09"]
[Round "1"]
[White "Souricette64"]
[Black "Fantomas"]
[WhiteElo "2229"]
[BlackElo "2170"]
[Result "0-1"]
[Round "1"]
1.d4 Ng8f6
2.Bc1g5 Nf6e4
3.Bg5f4 d5
4.e3 a6
5.Nb1d2 Ne4xd2
6.Qd1xd2 Nb8c6
7.Ng1f3 g6
8.c4 Bf8g7
9.cxd5 Qd8xd5
10.Bf4xc7 Bc8g4
11.Bf1e2 O-O
12.O-O Bg4f5
13.b3 Ra8c8
14.Bc7g3 Rf8d8
15.Nf3g5 Qd5a5
16.Qd2xa5 Nc6xa5
17.Ra1c1 Na5c6
18.Be2f3 Bf5d7
 { time }
0-1

[Event "Match"]
[Site "www.echecsemail.com"]
[Date "2019.03.09"]
[Round "1"]
[White "Paco"]
[Black "Zack1984"]
[WhiteElo "2030"]
[BlackElo "2310"]
[Result "1-0"]
[Round "1"]
1.e4 a6
2.d4 b5
3.d5 Bc8b7
4.Bf1d3 Ng8f6
5.Qd1f3 e6
6.Ng1h3 exd5
7.e5 Nf6e4
8.Qf3f4 Ne4c5
9.Nh3g5 Qd8e7
10.Bd3xh7 g6
11.O-O Nc5e4
12.Ng5xe4 dxe4
13.e6 Rh8xh7
14.Qf4xc7 dxe6
15.Qc7b6  { time }
1-0

[Event "1/128 Finale"]
[Site "www.chess-mail.com"]
[Date "2019.03.09"]
[Round "1"]
[White "Cal"]
[Black "Picifarkinca"]
[WhiteElo "1830"]
[BlackElo "1840"]
[Result "0-1"]
[Round "1"]
1.c4 g6
2.d4 Bf8g7
3.Nb1c3 Ng8f6
4.e4 d6
5.h3 O-O
6.Ng1f3 Nb8d7
7.Bc1g5 e5
8.d5 a6
9.Bf1d3 c6
10.dxc6 bxc6
11.O-O Qd8c7
12.Bg5xf6 Nd7xf6
13.a3 Ra8b8
14.Nf3h2 Rb8xb2
15.Nh2f3 Rb2b8
16.Qd1d2 Bc8b7
17.Nc3e2 d5
18.cxd5 cxd5
19.exd5 e4
20.Bd3xe4 Nf6xe4
21.Qd2d3 Ne4d6
22.Ne2f4 Bg7xa1
23.Rf1xa1 Qc7c4
24.Qd3d2 Rf8d8
25.Ra1c1 Qc4e4
26.Nf3g5 Qe4f5
27.h4 h6
28.Ng5h3 Nd6e4
29.Qd2d4 Bb7xd5
30.Nf4xd5 Rd8xd5
31.Qd4a7 Rb8d8
32.Qa7xa6 Rd5d1
33.Rc1xd1 Rd8xd1
34.Kh2 Qf5e5
35.g3 Ne4xg3
36.Qa6a8 Kg7
37.Kg2 Qe5e4
38.Qa8xe4 Ng3xe4
39.Nh3f4 Rd1a1
40.a4 Ra1xa4
41.f3 Ne4f6
42.Nf4d3 Ra4xh4
43.Nd3e5 Rh4a4
44.Kf2 h5
45.Ne5d3 Nf6d7
46.f4 Ra4d4
47.Ke3 Rd4xd3
48.Kxd3 h4
{ resign }
0-1

[Event "1/64 Finale"]
[Site "www.chess-mail.com"]
[Date "2019.03.09"]
[Round "1"]
[White "Piriot"]
[Black "Fieldfast"]
[WhiteElo "2260"]
[BlackElo "2390"]
[Result "0-1"]
[Round "1"]
1.Ng1f3 d5
2.c4 c6
3.g3 Ng8f6
4.Bf1g2 Bc8g4
5.Nf3e5 Bg4e6
6.d4 Nb8d7
7.cxd5 Be6xd5
8.O-O Bd5xg2
9.Kxg2 e6
10.Nb1c3 Nd7xe5
11.dxe5 Qd8xd1
12.Rf1xd1 Nf6d5
13.e4 Nd5xc3
14.bxc3 Bf8c5
15.Rd1d3 Ra8d8
16.Rd3xd8 Kxd8
17.Bc1g5 Kc7
18.Ra1d1 b5
19.h4 a5
20.Kf3 b4
21.cxb4 axb4
22.Ke2 Rh8a8
23.Rd1d2 h6
24.Bg5e3 Bc5xe3
 { time }
0-1

[Event "1/2 Finale"]
[Site "www.chess-mail.com"]
[Date "2019.03.09"]
[Round "1"]
[White "Buchauer"]
[Black "Vgrynyuk"]
[WhiteElo "2860"]
[BlackElo "2820"]
[Result "1/2-1/2"]
[Round "1"]
1.d4 Ng8f6
2.c4 e6
3.Nb1c3 Bf8b4
4.Qd1c2 O-O
5.e4 d5
6.e5 Nf6e4
7.Bf1d3 c5
8.Ng1e2 cxd4
9.Ne2xd4 Nb8d7
10.Bc1f4 Qd8h4
11.g3 Qh4h5
12.O-O g5
13.cxd5 gxf4
14.dxe6 fxe6
15.Nc3xe4 Nd7xe5
16.gxf4 Rf8xf4
17.Kh1 Ne5xd3
18.Qc2xd3 Kh8
19.Rf1g1 Bb4e7
20.Ra1c1 e5
21.Rc1c7 Be7d8
22.Rc7g7 Bc8g4
23.h3 Rf4xe4
24.Rg7xg4 Re4xg4
25.Rg1xg4 Bd8f6
26.Nd4e6 e4
27.Rg4xe4 Bf6xb2
28.Re4d4 Ra8g8
29.Rd4d7 Qh5g6
30.Qd3xg6 Rg8xg6
31.Ne6c5 Rg6c6
32.Nc5xb7 Rc6a6
33.Kg2 Bb2a1
34.Rd7d2 Kg7
35.Nb7d6 Ra6a4
36.Rd2c2 Kg6
37.Nd6c4 h5
38.Kf3 Ba1f6
39.Ke4 Kg5
40.Kf3 Kh4
41.Kg2 Kg5
42.Nc4e3 Ra4a3
43.Rc2c5 Kg6
44.Rc5c6 Kf7
45.Rc6c7 Kg6
46.Rc7c2 Ra3a5
47.Rc2c6 Kf7
48.Rc6c2 Kg6
49.Ne3c4 { draw }
1/2-1/2

[Event "Fast Game"]
[Site "www.echecsemail.com"]
[Date "2019.03.09"]
[Round "1"]
[White "Hennie4820"]
[Black "Fabos12"]
[WhiteElo "1650"]
[BlackElo "1770"]
[Result "0-1"]
[Round "1"]
1.e4 e5
2.Ng1f3 Nb8c6
3.Bf1c4 Ng8f6
4.d4 exd4
5.e5 d5
6.Bc4b5 Nf6e4
7.Nf3xd4 Bf8c5
8.f3 Qd8h4
9.Ke2 Qh4f2
{ resign }
0-1

[Event "Tourn. n10068"]
[Site "www.echecsemail.com"]
[Date "2019.03.10"]
[Round "1"]
[White "Ff333"]
[Black "Souricette64"]
[WhiteElo "2000"]
[BlackElo "2219"]
[Result "1-0"]
[Round "1"]
1.e4 c5
2.Bf1c4 e6
3.Ng1f3 Nb8c6
4.O-O Qd8c7
5.h3 Ng8f6
6.Rf1e1 d6
7.a3 a6
8.Nb1c3 Bf8e7
9.Nc3d5 exd5
10.exd5 Nc6e5
11.Nf3xe5 dxe5
12.d3 O-O
13.Bc4b3  { time }
1-0

[Event "Tourn. n10068"]
[Site "www.echecsemail.com"]
[Date "2019.03.10"]
[Round "1"]
[White "Add"]
[Black "Souricette64"]
[WhiteElo "2220"]
[BlackElo "2219"]
[Result "1-0"]
[Round "1"]
1.e4 e6
2.d4 d5
3.Bf1d3 c5
4.c4 dxe4
5.Bd3xe4 cxd4
6.Ng1f3 Ng8f6
7.Be4c2 Bf8b4
8.Bc1d2 Bb4e7
9.O-O Nb8c6
10.Rf1e1 O-O
11.a3  { time }
1-0

[Event "Match"]
[Site "www.echecsemail.com"]
[Date "2019.03.10"]
[Round "1"]
[White "Souricette64"]
[Black "Llord"]
[WhiteElo "1799"]
[BlackElo "1940"]
[Result "0-1"]
[Round "1"]
1.e4 e5
2.Ng1f3 Nb8c6
3.Bf1c4 Ng8f6
4.d3 Bf8c5
5.c3 O-O
6.O-O d5
7.exd5 Nf6xd5
8.Rf1e1 Rf8e8
9.d4 Nd5b6
10.Bc4b5 exd4
11.Re1xe8 Qd8xe8
12.cxd4 Bc5d6
13.d5 a6
14.Bb5e2 Nc6e7
15.Nb1c3 Bc8g4
16.h3 Bg4xf3
17.Be2xf3 Ne7f5
18.Bc1d2 Nb6c4
19.Qd1c2 Nf5d4
20.Qc2d1 Nd4xf3
21.gxf3 Nc4xb2
22.Qd1b3 Nb2d3
23.Nc3e4 Nd3e5
24.Kg2 f6
25.Ne4xd6 cxd6
26.Bd2f4 Qe8g6
27.Bf4g3 b5
28.a4 bxa4
29.Ra1xa4 Ne5d7
30.Qb3b7 Ra8d8
31.Qb7c7 Qg6e8
32.Ra4xa6 Nd7e5
33.Bg3xe5 fxe5
34.Ra6xd6 Rd8c8
35.Qc7d7 Qe8f8
36.Rd6c6 Rc8d8
 { time }
0-1

[Event "Tourn. n10039"]
[Site "www.echecsemail.com"]
[Date "2019.03.10"]
[Round "1"]
[White "Picifarkinca"]
[Black "Passaroa25"]
[WhiteElo "1950"]
[BlackElo "1710"]
[Result "1-0"]
[Round "1"]
1.e4 Nb8c6
2.d4 e5
3.d5 Nc6e7
4.c4 c6
5.Nb1c3 Ne7g6
6.Ng1f3 f6
7.d6 b6
8.b4 Ng6f4
9.g3 Nf4e6
10.Bf1h3 Ne6g5
11.Bc1xg5 fxg5
12.O-O Ng8f6
13.Nf3xg5 h6
14.Bh3f5 Bf8xd6
15.Qd1xd6 Qd8e7
16.Bf5g6 Kf8
17.Ng5f7 Qe7xd6
18.Nf7xd6 Nf6h7
19.f4 Ke7
20.Nd6f7 Rh8f8
21.Nf7xe5 Nh7f6
22.Ra1d1 a5
23.b5 d6
24.Ne5xc6 Kd7
25.e5 Nf6e8
26.e6 Kxe6
27.Rf1e1 Kf6
28.Bg6xe8 Rf8xe8
29.Re1xe8 Bc8b7
30.Re8xa8 Bb7xa8
31.Rd1xd6 Kf7
32.Nc3d5 Ba8xc6
33.Rd6xc6 { resign }
1-0

[Event "Tourn. n10062"]
[Site "www.echecsemail.com"]
[Date "2019.03.10"]
[Round "1"]
[White "Bojan"]
[Black "Souricette64"]
[WhiteElo "1990"]
[BlackElo "1799"]
[Result "1-0"]
[Round "1"]
1.e4 e6
2.b3 d5
3.exd5 exd5
4.Bc1b2 Ng8f6
5.h3 c5
6.Qd1f3 Bf8e7
7.Bf1b5 Bc8d7
8.Bb5xd7 Nb8xd7
9.Ng1e2 O-O
10.Ne2f4 Nd7b6
11.d3 Rf8e8
12.O-O Qd8d7
13.Nb1d2 Ra8d8
14.Rf1e1 Qd7c6
15.Re1e2 h6
16.Ra1e1 Qc6d7
17.Nd2f1 Nf6h7
18.Nf4h5 Be7f8
19.Qf3g3 d4
20.Nf1d2 Re8xe2
21.Re1xe2 Rd8e8
22.Nd2e4 Qd7c6
23.c3 Nh7g5
24.cxd4 Ng5xe4
25.dxe4 cxd4
26.Bb2xd4 Qc6c1
27.Kh2 Qc1g5
28.Qg3f3 Bf8d6
29.g3 Bd6e5
30.Bd4e3 Qg5g6
31.Be3d2 Nb6d7
32.Nh5f4 Be5xf4
33.Bd2xf4 Nd7e5
34.Qf3c3 Qg6a6
35.Re2d2 Ne5c6
36.f3 Qa6f1
37.a4 Re8d8
38.b4  { time }
1-0

[Event "Tourn. n10033"]
[Site "www.echecsemail.com"]
[Date "2019.03.10"]
[Round "1"]
[White "Foxy100"]
[Black "Jose"]
[WhiteElo "2430"]
[BlackElo "2820"]
[Result "0-1"]
[Round "1"]
1.e4 e5
2.Ng1f3 Nb8c6
3.Bf1b5 a6
4.Bb5a4 Ng8f6
5.O-O b5
6.Ba4b3 Bc8b7
7.d3 Bf8e7
8.Nb1c3 d6
9.a3 O-O
10.Nc3d5 Nf6xd5
11.Bb3xd5 Qd8d7
12.h3 Qd7c8
13.Qd1e2 Nc6d8
14.Bd5xb7 Qc8xb7
15.c3 Nd8e6
16.d4 exd4
17.cxd4 d5
18.e5 c5
19.dxc5 Be7xc5
20.Rf1d1 Rf8d8
21.Bc1g5 Rd8d7
22.Qe2d3 Ra8c8
23.b4 Bc5f8
24.h4 h6
25.Bg5d2 Rc8c4
26.h5 Bf8e7
27.Rd1e1 Be7d8
28.Re1d1 Qb7c6
29.Ra1b1 Bd8b6
30.Rb1c1 Rd7c7
31.Rd1e1 Qc6b7
32.Rc1d1 Rc4g4
33.Kf1 Rc7c4
34.g3 Qb7c6
35.Rd1c1 a5
36.Qd3f5 Rc4xc1
37.Qf5xg4 Rc1c4
38.Qg4f5 a4
39.Re1b1 Bb6d4
40.Nf3e1 Bd4c3
41.Rb1d1 Bc3xd2
42.Rd1xd2 Rc4c3
43.Rd2c2 Qc6c4
{ resign }
0-1

[Event "Tourn. n10073"]
[Site "www.echecsemail.com"]
[Date "2019.03.10"]
[Round "1"]
[White "Coolant"]
[Black "Souricette64"]
[WhiteElo "2280"]
[BlackElo "2159"]
[Result "1-0"]
[Round "1"]
1.Nb1c3 c5
2.e4 a6
3.d4 cxd4
4.Qd1xd4 Nb8c6
5.Qd4a4 g6
6.Ng1f3 Bf8g7
7.Bc1d2 d6
8.Bf1b5 Bc8d7
9.Bb5xc6 Bd7xc6
10.Qa4c4 Ng8f6
11.O-O-O Nf6d7
12.h4 Ra8c8
13.Qc4e2  { time }
1-0

[Event "Tourn. n10080"]
[Site "www.echecsemail.com"]
[Date "2019.03.10"]
[Round "1"]
[White "Coolant"]
[Black "Francesco"]
[WhiteElo "2280"]
[BlackElo "2080"]
[Result "1-0"]
[Round "1"]
1.Nb1c3 Ng8f6
2.e4 e5
3.f4 d5
4.Ng1f3 dxe4
5.Nf3xe5 Nb8d7
6.Bf1c4 Nd7xe5
7.fxe5 Nf6d7
8.Qd1e2 Nd7xe5
9.Qe2xe4 Qd8e7
10.Nc3d5 f5
11.Qe4e2 Qe7h4
12.g3 Qh4xc4
13.Qe2xe5 Kd8
14.d3 Qc4xc2
15.Bc1g5 Kd7
16.Ra1c1 { resign }
1-0

[Event "Tourn. n10070"]
[Site "www.echecsemail.com"]
[Date "2019.03.11"]
[Round "1"]
[White "Tarasch"]
[Black "Souricette64"]
[WhiteElo "2260"]
[BlackElo "2229"]
[Result "1-0"]
[Round "1"]
1.d4 Ng8f6
2.c4 e6
3.Nb1c3 Bf8b4
4.e3 O-O
5.Bf1d3 c5
6.Ng1e2 d5
7.O-O Nb8c6
8.dxc5 dxc4
9.Bd3xc4 Bb4xc5
10.a3 Bc5b6
11.Qd1c2 e5
12.Rf1d1 Qd8e7
13.b4 Bc8g4
14.Bc1b2 Bg4xe2
{ time. }
1-0

[Event "Tourn. n10076"]
[Site "www.echecsemail.com"]
[Date "2019.03.11"]
[Round "1"]
[White "Louis"]
[Black "Luban"]
[WhiteElo "2050"]
[BlackElo "2190"]
[Result "1-0"]
[Round "1"]
1.Ng1f3 d5
2.c4 dxc4
3.e3 b5
4.a4 c6
5.axb5 cxb5
6.Nb1a3 Bc8d7
7.Nf3e5 Nb8c6
8.Ne5xd7 Qd8xd7
9.Na3xb5 Nc6e5
10.f4 e6
11.fxe5 Qd7xb5
12.Qd1f3 Qb5d5
13.Bf1xc4 Qd5xf3
14.Bc4b5 Kd8
15.gxf3 Bf8c5
16.d4 Bc5b6
17.b3 Ng8e7
18.Ke2 Ne7f5
19.Bc1d2 Bb6xd4
20.Bd2a5 Ke7
21.Ba5b4 Kd8
22.Rh1d1 Ra8b8
23.Ra1a5 a6
24.e4 { resign }
1-0

[Event "Match"]
[Site "www.echecsemail.com"]
[Date "2019.03.11"]
[Round "1"]
[White "Guidom"]
[Black "D4minance"]
[WhiteElo "2170"]
[BlackElo "1499"]
[Result "0-1"]
[Round "1"]
1.e4 c5
2.Ng1f3 d6
3.d4 cxd4
4.Nf3xd4 Ng8f6
5.Bf1d3 Nb8c6
6.c3 g6
7.O-O Bf8g7
8.Bc1e3 O-O
9.Nb1d2 Nf6g4
10.Nd4xc6 bxc6
11.Be3f4 e5
12.Bf4g3 f5
13.h3 Ng4f6
14.exf5 gxf5
15.Rf1e1 Kh8
16.Bd3c2 Ra8b8
17.Bc2b3 Qd8c7
18.Nd2c4 f4
19.Bg3h4 Nf6d5
20.f3 Bg7f6
21.Bh4f2 Rf8g8
22.Kh1 Rg8g6
23.Bb3c2 Rg6h6
24.Kg1 Qc7g7
25.Kf1 Qg7xg2
26.Kxg2 Bc8xh3
27.Kh2 Rb8g8
28.Bf2g3 Rg8xg3
{ resign }
0-1

[Event "Tourn. n10081"]
[Site "www.echecsemail.com"]
[Date "2019.03.11"]
[Round "1"]
[White "Esperanza"]
[Black "Cal"]
[WhiteElo "1660"]
[BlackElo "1830"]
[Result "1-0"]
[Round "1"]
1.e4 e5
2.Ng1f3 d6
3.Bf1c4 h6
4.O-O Ng8f6
5.d3 a6
6.c3 c6
7.Nb1d2 b5
8.Bc4b3 Bc8g4
9.Rf1e1 Bf8e7
10.Nd2f1 O-O
11.h3 Bg4h5
12.Nf1g3 Bh5xf3
13.Qd1xf3 Nb8d7
14.Ng3f5 Nd7c5
15.Bc1xh6 Kh7
16.Bh6xg7 Rf8g8
17.Bg7xf6 Be7xf6
18.Qf3h5 { resign }
1-0

[Event "Match"]
[Site "www.echecsemail.com"]
[Date "2019.03.11"]
[Round "1"]
[White "Micheles"]
[Black "Nevaeh"]
[WhiteElo "2500"]
[BlackElo "1809"]
[Result "1/2-1/2"]
[Round "1"]
1.d4 d5
2.Ng1f3 Ng8f6
3.Bc1g5 Nf6e4
4.Bg5h4 c5
5.dxc5 Nb8c6
6.e3 g6
7.Nb1d2 Ne4xc5
8.Nd2b3 Nc5e4
9.c3 Bf8g7
10.Bf1d3 O-O
11.Bd3xe4 dxe4
12.Qd1xd8 Rf8xd8
13.Nf3d4 f6
14.Nd4xc6 bxc6
15.Ra1d1 Bc8g4
16.Rd1d2 e5
17.h3 Bg4e6
18.Nb3c5 Be6xa2
19.Nc5xe4 g5
20.Bh4g3 a5
21.h4 h6
22.hxg5 hxg5
23.f3 a4
24.Rd2xd8 Ra8xd8
25.O-O Ba2b3
26.Rf1a1 Bb3c2
27.Ra1c1 Bc2xe4
28.fxe4 Rd8d2
29.Rc1a1 Rd2xb2
30.Ra1xa4 c5
31.Kf1 Rb2c2
32.Bg3e1 g4
33.Ra4a8 Kf7
34.Ra8a7 Kg6
35.Ra7c7 Bg7h6
36.Rc7xc5 Bh6xe3
37.Rc5c8 Kg5
38.Be1g3 Be3d2
39.Rc8g8 Kh5
40.Rg8h8 Kg6
41.Rh8g8 Kh5
42.Rg8h8 Bd2h6
43.Rh8c8 Bh6e3
44.Rc8h8 Kg6
45.Rh8g8 Kf7
46.Rg8xg4 Rc2xc3
47.Ke2 Rc3a3
48.Bg3h2 Be3a7
49.Bh2g3 Ba7e3
50.Bg3h2 Be3d4
51.Bh2g3 Ra3a2
52.Kf3 Ra2a3
53.Ke2 Ra3a2
54.Kf3 Ra2a1
55.Ke2 { draw }
1/2-1/2

[Event "Tourn. n9961"]
[Site "www.echecsemail.com"]
[Date "2019.03.11"]
[Round "1"]
[White "Ejner"]
[Black "Tartan"]
[WhiteElo "2470"]
[BlackElo "2570"]
[Result "1-0"]
[Round "1"]
1.b3 e5
2.Bc1b2 Nb8c6
3.e3 d5
4.Bf1b5 Bf8d6
5.f4 Qd8h4
6.g3 Qh4e7
7.Ng1f3 f6
8.Nb1c3 Bc8e6
9.fxe5 fxe5
10.e4 dxe4
11.Nc3xe4 Ng8f6
12.Qd1e2 Nf6xe4
13.Qe2xe4 Be6d7
14.O-O-O O-O-O
15.Rh1f1 Rd8f8
16.Nf3h4 Rf8xf1
17.Rd1xf1 g6
18.Bb5e2 Bd7h3
19.Be2g4 Bh3xg4
20.Qe4xg4 Kb8
21.Qg4f3 e4
22.Qf3f7 Rh8f8
23.Qf7xf8 Qe7xf8
24.Rf1xf8 Bd6xf8
25.Kd1 Bf8c5
26.Nh4g2 Bc5g1
27.h3 Bg1h2
28.g4 Nc6b4
29.a3 Nb4d5
30.c4 Nd5e7
31.Ke2 Bh2g1
32.Ng2f4 Ne7c6
33.b4 a5
34.Bb2c3 Bg1d4
35.Nf4e6 Bd4xc3
36.dxc3 Nc6e5
37.bxa5 Ne5xc4
38.Ne6f8 h6
39.Nf8xg6 Nc4d6
40.Ke3 Kc8
41.Ng6e7 Kd7
42.Ne7f5 Nd6f7
43.h4  { time }
1-0

[Event "Tourn. n10044"]
[Site "www.echecsemail.com"]
[Date "2019.03.11"]
[Round "1"]
[White "Fabos12"]
[Black "Bojan"]
[WhiteElo "1980"]
[BlackElo "1920"]
[Result "1-0"]
[Round "1"]
1.d4 d5
2.Ng1f3 f6
3.g3 Bc8g4
4.Nb1d2 Qd8d7
5.Bf1g2 Nb8c6
6.c3 g5
7.h3 Bg4f5
8.g4 Bf5e6
9.e4 h5
10.e5 hxg4
11.hxg4 Rh8xh1
12.Bg2xh1 Be6xg4
13.Qd1c2 Bg4f5
14.Qc2d1 Qd7e6
15.Nd2b3 b6
16.Nf3xg5 fxg5
17.Qd1h5 Kd7
18.Qh5xg5 Ng8h6
19.Bc1e3 Nh6g4
20.Bh1xd5 Qe6g6
21.e6 Kd6
22.Qg5xg6 Bf5xg6
23.Bd5c4 Ng4xe3
24.fxe3 Bg6e4
25.Nb3d2 Be4f5
26.e4 Bf5g4
27.e5 Nc6xe5
28.Nd2e4 Kc6
29.dxe5 Bf8g7
30.Ne4f2 Bg4h5
31.Bc4d3 Bg7xe5
32.Bd3e4 Kd6
33.Be4xa8 Kxe6
34.Ba8e4 Be5g3
35.Be4d3 Kd5
36.Bd3e2 Bh5g6
37.Ra1d1 Ke6
38.Be2g4 Ke5
39.Kf1 Kf4
40.Rd1d4 Ke5
41.Rd4d7 Bg6b1
42.a3 e6
43.Rd7xc7 Kf4
44.Rc7f7 Ke3
45.Bg4xe6 a5
46.Be6b3 b5
47.a4 bxa4
48.Bb3xa4 Bb1a2
49.Rf7e7 Kd2
50.Nf2e4 { resign }
1-0

[Event "Tourn. n10073"]
[Site "www.echecsemail.com"]
[Date "2019.03.11"]
[Round "1"]
[White "Souricette64"]
[Black "Mitja"]
[WhiteElo "2229"]
[BlackElo "2010"]
[Result "0-1"]
[Round "1"]
1.d4 d5
2.Bc1g5 h6
3.Bg5h4 Qd8d7
4.Ng1f3 Ng8f6
5.Bh4xf6 exf6
6.g3 Bf8e7
7.Bf1g2 O-O
8.O-O c6
9.Nb1d2 b6
10.e3 Bc8a6
11.Rf1e1 Qd7c7
12.e4 dxe4
13.Nd2xe4 Ba6b7
14.c3 Nb8a6
15.Nf3h4 Ra8d8
16.Qd1c2 { time. }
0-1

[Event "Tourn. n10074"]
[Site "www.echecsemail.com"]
[Date "2019.03.11"]
[Round "1"]
[White "Nevaeh"]
[Black "Liencam2"]
[WhiteElo "2780"]
[BlackElo "2330"]
[Result "1-0"]
[Round "1"]
1.d4 Ng8f6
2.c4 e6
3.Ng1f3 b6
4.g3 Bc8a6
5.b3 Bf8b4
6.Bc1d2 Bb4e7
7.Nb1c3 O-O
8.Bf1g2 c6
9.e4 d5
10.exd5 exd5
11.O-O dxc4
12.Rf1e1 Nf6d5
13.Nf3e5 Nd5xc3
14.Bd2xc3 cxb3
15.Bg2xc6 Qd8c7
16.Bc6xa8 Qc7xc3
17.axb3 Be7f6
18.Ba8d5 Bf6xe5
19.dxe5 { resign }
1-0

[Event "Tourn. n10062"]
[Site "www.echecsemail.com"]
[Date "2019.03.11"]
[Round "1"]
[White "Souricette64"]
[Black "Andychesston"]
[WhiteElo "1799"]
[BlackElo "2000"]
[Result "0-1"]
[Round "1"]
1.e4 e5
2.Ng1f3 Nb8c6
3.Bf1c4 Bf8e7
4.c3 d6
5.d3 Bc8g4
6.h3 Bg4h5
7.Nb1d2 Nc6a5
8.Bc4b5 c6
9.Bb5a4 b5
10.Ba4c2 Ng8f6
11.O-O O-O
12.Rf1e1 Kh8
13.Nd2f1 Nf6g8
14.Nf1g3 Bh5g6
15.a4 a6
16.d4 Qd8c7
17.axb5 cxb5
18.Bc1g5 { time. }
0-1

[Event "Match"]
[Site "www.echecsemail.com"]
[Date "2019.03.11"]
[Round "1"]
[White "Darknight"]
[Black "Emmanuel69"]
[WhiteElo "1940"]
[BlackElo "1960"]
[Result "0-1"]
[Round "1"]
1.e4 c6
2.Bf1c4 d5
3.exd5 cxd5
4.Bc4b3 Ng8f6
5.h3 e6
6.d3 Bf8e7
7.Ng1f3 O-O
8.Bc1g5 Nb8d7
9.Nb1d2 h6
10.Bg5e3 Rf8e8
11.Qd1e2 a6
12.a3 Be7c5
13.O-O-O Bc5xe3
14.fxe3 Nd7c5
15.Bb3a2 b5
16.Rd1g1 Bc8b7
17.d4 Nc5a4
18.g4 Ra8c8
19.Ba2b3 Na4b6
20.Nf3e5 Nb6c4
21.Nd2xc4 dxc4
22.Rh1h2 cxb3
23.Qe2d1 bxc2
24.Rh2xc2 Rc8xc2
25.Kxc2 Qd8c7
26.Kb1 Nf6d7
27.Ne5xd7 Qc7xd7
28.g5 hxg5
29.Rg1xg5 Bb7e4
 { time }
0-1

[Event "Match"]
[Site "www.echecsemail.com"]
[Date "2019.03.11"]
[Round "1"]
[White "Madivans"]
[Black "Chapi"]
[WhiteElo "1499"]
[BlackElo "2100"]
[Result "0-1"]
[Round "1"]
1.d4 d5
2.c4 c6
3.cxd5 cxd5
4.Bc1f4 Nb8c6
5.e3 e6
6.Ng1f3 Bf8d6
7.Bf4xd6 Qd8xd6
{ resign }
0-1

[Event "Match"]
[Site "www.echecsemail.com"]
[Date "2019.03.11"]
[Round "1"]
[White "Chapi"]
[Black "D4minance"]
[WhiteElo "2080"]
[BlackElo "1499"]
[Result "0-1"]
[Round "1"]
1.d4 Ng8f6
2.c4 g6
3.Ng1f3 Bf8g7
4.Nb1c3 O-O
5.Bc1g5 c5
6.dxc5 Nb8a6
7.Nc3d5 Nf6xd5
8.cxd5 Na6xc5
9.Ra1c1 d6
10.Nf3d4 Nc5e4
11.Bg5e3 Qd8a5
12.Be3d2 Bg7xd4
13.e3 Ne4xd2
14.Qd1xd2 Qa5xd2
15.Kxd2 Bd4xb2
16.Rc1c7 e6
17.dxe6 fxe6
18.Bf1c4 d5
19.Bc4b3 Rf8xf2
20.Kd3 b6
21.e4 Bc8a6
22.Ke3 Ra8f8
23.Rc7c2 d4

0-1

[Event "Match"]
[Site "www.echecsemail.com"]
[Date "2019.03.11"]
[Round "1"]
[White "Bjonil60"]
[Black "Didlau"]
[WhiteElo "1400"]
[BlackElo "1499"]
[Result "0-1"]
[Round "1"]
1.Nb1c3 e5
2.e4 Bf8c5
3.Ng1f3 d6
4.Qd1e2 a6
5.d3 h6
6.g3 Ng8f6
7.Bc1d2 Bc8e6
8.O-O-O Nb8c6
9.a3 O-O
10.Nc3a2 Be6xa2
11.b3 Bc5xa3

0-1

[Event "Tourn. n10068"]
[Site "www.echecsemail.com"]
[Date "2019.03.11"]
[Round "1"]
[White "Souricette64"]
[Black "Bojan"]
[WhiteElo "2219"]
[BlackElo "2010"]
[Result "0-1"]
[Round "1"]
1.d4 d5
2.Bc1g5 g6
3.Nb1c3 c6
4.e3 Bf8g7
5.Ng1f3 f6
6.Bg5f4 e6
7.Bf1d3 Nb8d7
8.Bf4d6 Nd7b6
9.Bd6a3 e5
10.dxe5 fxe5
11.e4 d4
12.Nc3e2 Qd8c7
13.O-O Bc8g4
14.Ne2g3 c5
15.h3 Bg4d7
16.b3 Ng8e7
17.c3 Bd7e6
18.Rf1e1 { time. }
0-1

[Event "Match"]
[Site "www.echecsemail.com"]
[Date "2019.03.11"]
[Round "1"]
[White "Calponas"]
[Black "Ztornad"]
[WhiteElo "2030"]
[BlackElo "1900"]
[Result "0-1"]
[Round "1"]
1.e4 e5
2.Ng1f3 d6
3.d4 exd4
4.Nf3xd4 a6
5.c4 c5
6.Nd4f5 Bc8xf5
7.exf5 Qd8e7
8.Bf1e2 Ng8f6
9.O-O Qe7c7
10.Nb1c3 h6
11.Be2f3 Bf8e7
12.Bc1f4 O-O
13.Rf1e1 Nb8c6
14.Qd1d2 Nf6h7
15.Bf3xc6 bxc6
16.Bf4xh6 Be7f6
17.Nc3e4 Bf6d4
18.Bh6f4 Bd4e5
19.Bf4h6 d5
20.cxd5 Rf8d8
21.f6 g6
22.d6 Qc7a7
23.f4 Be5d4
24.Kh1 Rd8d7
25.Ne4g5 Nh7xf6
26.Qd2d3 Nf6g4
27.Re1e2 Rd7xd6
28.Ng5e4 Rd6e6
29.Bh6g5 Ra8e8
30.Ra1e1 Re6xe4
31.h3 Ng4f2
32.Re2xf2 Re4xe1
33.Kh2 Bd4xf2
34.Qd3f3 Bf2g1
35.Kg3 Re8e3
{ resign }
0-1